| 000 | 00965nam a2200265 a 4500 | ||
|---|---|---|---|
| 001 | 000015095 | ||
| 005 | 20200929163945.0 | ||
| 008 | 100201s2008 dr 000 e spa d | ||
| 020 | _a9789945454116 | ||
| 040 |
_aDO-SdBNP _bspa _cBNPHU |
||
| 082 |
_a305.80097293 _bJ61a |
||
| 100 | 1 |
_aJiménez, Blas R. _918874 |
|
| 245 | 1 | 0 |
_aAfrodominicano por elección : _bnegro por nacimiento / _cBlas R. Jiménez. |
| 260 |
_aSanto Domingo : _bManatí, _c2008. |
||
| 300 |
_a118 p. ; _c23 cm. |
||
| 500 | _aIncluye notas | ||
| 500 | _aIncluye datos biográficos del autor en la contracubierta | ||
| 504 | _aBibliografía : p. 14-15 | ||
| 590 | _aInventariado, 2018/BT | ||
| 650 | 4 |
_aNegros _zRepública Dominicana _xHistoria _917935 |
|
| 650 | 4 |
_aEsclavitud _zRepública Dominicana _xHistoria _934179 |
|
| 650 | 4 |
_aHaitianos en república dominicana _92246 |
|
| 651 | 4 |
_aRepública Dominicana _xEmigración E Inmigración _9290 |
|
| 910 | _aValidado. Control de calidad. MFF | ||
| 999 |
_c14667 _d14667 |
||